Introduction to clinical pharmacology / (Record no. 171122)

MARC details
000 -LEADER
fixed length control field 01229nam a22003257a 4500
003 - CONTROL NUMBER IDENTIFIER
control field OSt
005 - DATE AND TIME OF LATEST TRANSACTION
control field 20241206092303.0
008 - FIXED-LENGTH DATA ELEMENTS--GENERAL INFORMATION
fixed length control field 241206b |||||||| |||| 00| 0 eng d
020 ## - INTERNATIONAL STANDARD BOOK NUMBER
International Standard Book Number 9780443113369 (paperback)
040 ## - CATALOGING SOURCE
Original cataloging agency NUST
Language of cataloging eng
Transcribing agency NUST
Modifying agency NUST
Description conventions rda
050 ## - LIBRARY OF CONGRESS CALL NUMBER
Classification number RM301.28 VIS
100 ## - MAIN ENTRY--PERSONAL NAME
Personal name Visovsky, Constance G
Relator term Author
245 ## - TITLE STATEMENT
Title Introduction to clinical pharmacology /
Statement of responsibility, etc. [edited by] Constance G. Visovsky, Cheryl H. Zambroski, Shirley Meier Hosler.
250 ## - EDITION STATEMENT
Edition statement Eleventh edition.
260 ## - PUBLICATION, DISTRIBUTION, ETC.
Place of publication, distribution, etc. St. Louis, Missouri :
Name of publisher, distributor, etc. Elsevier,
Date of publication, distribution, etc. 2025.
300 ## - PHYSICAL DESCRIPTION
Extent xii, 459 pages :
Other physical details Illustrations ;
Dimensions 28 cm.
336 ## - CONTENT TYPE
Source rdamedia
Content type term text
Content type code txt
337 ## - MEDIA TYPE
Source rdamedia
Media type term unmediated
Media type code n
338 ## - CARRIER TYPE
Source rdamedia
Carrier type term volume
Carrier type code nc
504 ## - BIBLIOGRAPHY, ETC. NOTE
Bibliography, etc. note Includes bibliographical references and index.
650 ## - SUBJECT ADDED ENTRY--TOPICAL TERM
Form subdivision Clinical pharmacology.
650 ## - SUBJECT ADDED ENTRY--TOPICAL TERM
Form subdivision Drugs -- Dosage.
650 ## - SUBJECT ADDED ENTRY--TOPICAL TERM
Form subdivision Drugs -- Administration.
650 ## - SUBJECT ADDED ENTRY--TOPICAL TERM
Form subdivision Clinical pharmacology -- Study and teaching.
650 ## - SUBJECT ADDED ENTRY--TOPICAL TERM
Form subdivision Pharmaceutical Preparations -- administration & dosage.
650 ## - SUBJECT ADDED ENTRY--TOPICAL TERM
Form subdivision Drug Therapy.
700 ## - ADDED ENTRY--PERSONAL NAME
Personal name Zambroski, Cheyl H
Relator term Author
700 ## - ADDED ENTRY--PERSONAL NAME
Personal name Hosler, Shirley Meier
Relator term Author
942 ## - ADDED ENTRY ELEMENTS (KOHA)
Source of classification or shelving scheme Library of Congress Classification
Koha item type Ordinary Loan Books
Edition Eleventh edition
Classification part RM301.28 VIS
Call number prefix RM
Call number suffix VIS
Suppress in OPAC No
Holdings
Withdrawn status Lost status Source of classification or shelving scheme Damaged status Not for loan Collection Home library Current library Shelving location Date acquired Source of acquisition Cost, normal purchase price Total Checkouts Full call number Barcode Date last seen Accession number Cost, replacement price Price effective from Koha item type Public note
    LCC     NFIC MEDICAL MAIN GEN 12/06/2024 Purchase 94.52   RM301.28 VIS 92004056646 12/06/2024 24/51 94.52 12/06/2024 BOOKS Purchase
    LCC     NFIC MAIN MAIN GEN 01/20/2025 Purchase 94.52   RM301.28 VIS 92004056668 01/20/2025 24/117 94.52 01/20/2025 BOOKS Purchase